| 000 | 00388nam a2200157Ia 4500 | ||
|---|---|---|---|
| 005 | 20250430015106.0 | ||
| 008 | 240331s9999 xx 000 0 und d | ||
| 020 | _a9552034663 | ||
| 082 |
_bRUW _a891 |
||
| 100 | _aRuwanpathirana,M | ||
| 245 | 0 | _aAsan paththini dewathavi | |
| 260 |
_aColombo _bS. Godake & Brothers _c1999 |
||
| 300 | _a144 p ., | ||
| 500 | _aA Book of Poems | ||
| 942 | _cL | ||
| 999 |
_c5322 _d5322 |
||